Countries without an A - Statistics

General Stats
  • This quiz has been taken 3,013 times
    2,783 since last reset
  • The average score is 18 of 29
Answer Stats
Americas % Correct
Egypt
80%
Fiji
79%
Sweden
79%
Mexico
76%
Chile
73%
Togo
73%
Peru
71%
Morocco
70%
Benin
69%
Yemen
68%
Belize
67%
Greece
67%
Belgium
65%
Djibouti
62%
Luxembourg
62%
Kosovo
61%
Niger
61%
United Kingdom
61%
Turkey
60%
Liechtenstein
59%
Lesotho
58%
Burundi
56%
Comoros
56%
Cyprus
55%
Brunei
51%
Seychelles
50%
Republic of the Congo
46%
Montenegro
42%
Philippines
41%
No matching quizzes found
Score Distribution
Percent of People with Each Score
Percentile by Number Answered
Your Score History
You have not taken this quiz since the last reset